|
|
|
|
| LEADER |
00000nam0a2200000 4500 |
| 001 |
308869 |
| 005 |
20231102002133.0 |
| 035 |
|
|
|a (RuTPU)RU\TPU\book\334190
|
| 090 |
|
|
|a 308869
|
| 100 |
|
|
|a 20151107d1981 k y0rusy50 ca
|
| 101 |
0 |
|
|a rus
|
| 102 |
|
|
|a UZ
|
| 105 |
|
|
|a a z 001zy
|
| 200 |
1 |
|
|a Вопросы обработки воды
|e сборник научных трудов
|f Ташкентский политехнический институт им. А. Б. Беруни (ТашПИ) ; под ред. П. И. Смирнова
|
| 210 |
|
|
|a Ташкент
|c Изд-во ТашПИ
|d 1981
|
| 215 |
|
|
|a 67 с.
|c ил.
|
| 320 |
|
|
|a Библиогр. в конце ст.
|
| 606 |
1 |
|
|a Вода
|x Очистка
|2 stltpush
|3 (RuTPU)RU\TPU\subj\2661
|9 31199
|
| 606 |
1 |
|
|a Сточные воды
|2 stltpush
|3 (RuTPU)RU\TPU\subj\57118
|9 74982
|
| 610 |
1 |
|
|a водопроводные сети
|
| 610 |
1 |
|
|a химическая очистка
|
| 610 |
1 |
|
|a стоки
|
| 610 |
1 |
|
|a насосные станции
|
| 610 |
1 |
|
|a оборотное водоснабжение
|
| 610 |
1 |
|
|a механические смесители
|
| 610 |
1 |
|
|a очистные сооружения
|
| 610 |
1 |
|
|a электрические методы
|
| 675 |
|
|
|a 628.16
|v 4
|
| 675 |
|
|
|a 628.3
|v 4
|
| 702 |
|
1 |
|a Смирнов
|b П. И.
|4 340
|
| 712 |
0 |
2 |
|a Ташкентский политехнический институт им. А. Б. Беруни (ТашПИ)
|2 stltpush
|3 (RuTPU)RU\TPU\col\6741
|
| 801 |
|
1 |
|a RU
|b 63413507
|c 20151107
|
| 801 |
|
2 |
|a RU
|b 63413507
|c 20191021
|g RCR
|
| 942 |
|
|
|c BK
|